| 000 | 00558nam a22001937a 4500 | ||
|---|---|---|---|
| 005 | 20170223162152.0 | ||
| 010 | _aENG-117321 | ||
| 020 |
_a9789351777519 _c799.00 |
||
| 035 | _aEN-100853 | ||
| 037 | _bDBAD/PUB | ||
| 082 | _a355.033054 | ||
| 245 |
_aThe new arthashastra / _cedited by Gurmeet Kanwal |
||
| 260 |
_aNoida _bHarperCollins Publishers _c2016 |
||
| 270 |
_aA-75,Sector 57 _bNoida _e201301 |
||
| 300 |
_avii,435p. _c21cm(Hb) |
||
| 500 | _aIncludes index | ||
| 700 | _a Kanwal,Gurmeet | ||
| 942 |
_2ddc _cEN _h355.033054 _mTHE |
||
| 999 |
_c137818 _d137818 |
||